Регионална библиотека "Любен Каравелов" - Русе

Злочеста Кръстинка (Запис номер 154465)

MARC детайли
000 -Лидер
Контролно поле с фиксирана дължина 01622nam a2200337 c 4500
003 - Код на организацията, давaща контролен номер
Контролно поле BLK
005 - Дата и час на последна редакция
Контролно поле 20250124092941.0
008 - Елементи от данни с фиксирана дължина
fixed length control field 180410b bul|||||r ||||||| ||bul||
010 ## - Наследен системен номер
LC control number KNG00161089000
040 ## - Източник на каталожния запис
Идентификатор на билиотеката - собственик на записа BLK
041 ## - Код за език
Код за езика на текст/звукозапис или на отделно заглавие Български
Код за езика КДБФ Български
072 #7 - Код за тематичната категория
Код организация bullib
Код за тематична категория С
Текст Старопечатен фонд
080 ## - УДК
Текстов определител УДК Българска литература
УДК код - определител по УДК 821.163.2
УДК определител -32
УДК - код + определител 821.163.2-32
100 ## - Редна дума - Автор
Автор Блъсков, Илия Рашков
Дати, свързани с автора 1839-1913
Автор - информация (биография) Белетрист, учител, книжовник, събирач на народно творчество, издател. Преводач от руски език.
Авторска отговорност първи автор
R(LIN) 411081
139 ## - Редно поле
Редна дума Блъсков, Илия Рашков
Авторски знак Блъ - Б 51
245 10 - Сведения за заглавието
Заглавие Злочеста Кръстинка
Подзаглавни данни Повест народно-българска
Редно поле (дума) Илия Рашков Блъсков.
257 ## - Страна на издаване
Страна на създаване/издаване България
260 ## - Област на издателските данни
Място на издаване, разпространение и проч. Русчук
Име на издателя, разпространителя и проч. книж. на бр. Блъскови
Година на издаване 1870
Печатница Русчюк : В книгопеч. на Дунавската обл.
300 ## - Физическа характеристика
Страници 228 с.
Размери/Мащаб 20 см
380 ## - Жанр
Жанр Худож. лит.
500 ## - Общи забележки
Забележка Кн. с инв. № 61831, 900000000051 е от фонда на М. Арнаудов и е заведена със сигн. МА 1886, но се съхранява в Старопечатен фонд
659 ## - Тематичен бюлетин
Тематичен бюлетин С
852 ## - Местоположение
Форматна сигнатура Цб Ст 339 * 1195
856 4# - Електронен адрес и достъп
Електронен формат pdf - файл
Инструкция (цена за достъп) 0.00
Права за достъп disable
856 4# - Електронен адрес и достъп
Електронен формат pdf - файл
Инструкция (цена за достъп) 0.00
Права за достъп disable
999 ## - СИСТЕМНИ КОНТРОЛНИ НОМЕРА
Koha biblionumber 154465
Koha biblioitemnumber 154465
942 ## - АРТИКУЛИ
Вид на библиотечния материал Книги
Скрит в OPAC Не
Периодичен библиозапис Да
Koha issues (borrowed), all copies 1
944 ## - СЪЗДАВАНЕ И РЕДАКЦИЯ на ЗАПИСА
Създаване/Редакция Създаване
Дата на регистрацията/редакция 22.05.2014
Служител, извършил регистрацията/редакцията 30558
Статус, дата на статуса Валя Йорданова
944 ## - СЪЗДАВАНЕ И РЕДАКЦИЯ на ЗАПИСА
Създаване/Редакция Редакция
Дата на регистрацията/редакция 30.03.2018
Служител, извършил регистрацията/редакцията Ренета_Константинова
999 ## - СИСТЕМНИ КОНТРОЛНИ НОМЕРА
Koha biblioitemnumber 154465
999 ## - СИСТЕМНИ КОНТРОЛНИ НОМЕРА
Koha biblioitemnumber 154465
Наличности
Код за отписване Код за изгубен артикул Източник на класификационната схема Код за повреда Коз за рестрикции Код за отдаване Артикулен № Име на библиотеката - собственик Име на библиотеката, в която се намира в момента Статус (Текущо местоположение) Дата на вписване в системата Местоположение - отдел Цена в лева Инвентарен номер Систематично азбучна сигнатура Баркод Номер на екземпляра Цена в евро Служебна бележка Служебен тип на артикула
  Не е изгубен Universal Decimal Classification Не е повреден само за читалня Специални фондове ( старопечатни, редки и ценни, фонд М. Арнаудов) 258928 Регионална библиотека "Любен Каравелов" Русе Регионална библиотека "Любен Каравелов" Русе Старопечатен фонд 1870-01-01 Старопечатен фонд 2.50 61831-ст Цб Ст 339 * 1195 900000000051 1 1.28 Дост: DA Вид: Сф Дата: 01.01.1870 Дата инв: 30.03.2018 Бележки инв: СТ2018 Книги
  Не е изгубен Universal Decimal Classification Не е повреден само за читалня Специални фондове ( старопечатни, редки и ценни, фонд М. Арнаудов) 258929 Регионална библиотека "Любен Каравелов" Русе Регионална библиотека "Любен Каравелов" Русе Старопечатен фонд 1870-01-01 Старопечатен фонд 8.00 3405/64-ст Цб Ст 339 * 1195 900000000050 2 4.09 Дост: DA Вид: Сф Дата: 01.01.1870 Дата инв: 30.03.2018 Бележки инв: СТ2018 Книги
Vip Innovations Ltd, Rousse, Bulgaria 2025